Glorias portuguezas / (Record no. 167019)

MARC details
000 -LEADER
campo de control de longitud fija 00746nam a2200181 i 4500
001 - NÚMERO DE CONTROL
campo de control 167019
003 - IDENTIFICADOR DE NÚMERO DE CONTROL
campo de control ES-MaACL
005 - FECHA Y HORA DE LA ÚLTIMA TRANSACCIÓN
campo de control 20230906213437.0
008 - DATOS DE LONGITUD FIJA--INFORMACIÓN GENERAL
campo de control de longitud fija 000128s1869 po |||| |cpor d
100 1# - ENTRADA PRINCIPAL--NOMBRE DE PERSONA
Nombre de persona Vasconcelos, A. A. Teixeira de (
Fechas asociadas al nombre 1816-1878 )
9 (RLIN) 149527
245 10 - MENCIÓN DEL TÍTULO
Título Glorias portuguezas /
Mención de responsabilidad, etc. por A. A. Teixeira de Vasconcellos.
260 ## - PUBLICACIÓN, DISTRIBUCIÓN, ETC.
Lugar de publicación, distribución, etc. Lisboa :
Nombre del editor, distribuidor, etc. [s.n.],
Fecha de publicación, distribución, etc. 1869 (
Fabricante Typographia Portugueza)
300 ## - DESCRIPCIÓN FÍSICA
Extensión v. ;
Dimensiones 23 cm.
505 8# - NOTA DE CONTENIDO CON FORMATO
Nota de contenido con formato Contiene: t. I. Silvestre Pinheiro Ferreira ; José Corrêa da Serra ; O Duque de Lafões, D. João ; A Marqueza de Alorna (XVI, 159 p.)
650 #4 - PUNTO DE ACCESO ADICIONAL DE MATERIA--TÉRMINO DE MATERIA
Término de materia o nombre geográfico como elemento de entrada Celebridades-
Subdivisión geográfica Portugal.
9 (RLIN) 224487
852 ## - LOCALIZACIÓN
Ubicación ES-MaACL
Número de control de estantería G-8481
Nota libre . - Enc. pasta española
condición física . - Contiene únicamente t. I
Holdings
Estatus retirado Estado de pérdida Estado de daño No para préstamo Colección Biblioteca de origen Biblioteca actual Ubicación en estantería Fecha de adquisición Fuente de adquisición Total de préstamos Signatura topográfica completa Código de barras Visto por última vez Precio de reemplazo Tipo de ítem Koha
        Libros del s. XIX Biblioteca del Ateneo de Madrid Biblioteca del Ateneo de Madrid Sala Pecera Planta 3 17/01/2008     G-8481 1175200 23/02/2023 23/02/2023 Libro impreso antiguo